Logo biblioteca
Santa Fe 2917, Rosario, Santa Fe
Lu-Vi 8 a 19.45
+54-341-4232362
bibliotecaeudoro@gmail.com
Facebook Biblioteca Pedagógica
Sitio web

Tejiendo historias en la Biblioteca "Mafalda" (Registro nro. 26974)

Detalles MARC
000 -CABECERA
campo fijo de control de longitud 00801nab a2200241 4500
001 - NÚMERO DE CONTROL
campo de control 26974
003 - IDENTIFICADOR DEL NÚMERO DE CONTROL
campo de control AR-RoBPED
005 - FECHA Y HORADE LA ULTIMA TRANSACCION
campo de control 20210803113231.0
008 - ELEMENTOS DE LONGITUD FIJA--INFORMACION GENERAL
campo fijo de control de longitud 210726s2020 ag ||||| |||| 00| 0 spa d
040 ## - FUENTE CATALOGADORA
Centro catalogador/agencia de origen AR-RoBPED
041 ## - IDIOMA
Código de idioma para texto/pista de sonido o título independiente spa
245 10 - TITULO
Título Tejiendo historias en la Biblioteca "Mafalda"
300 ## - DESCRIPCION FISICA
Extensión 56-58 p.
650 #4 - TERMINO DE MATERIA--CONTROLADO
9 (RLIN) 304
Término controlado PROYECTOS
9 (RLIN) 25148
Término controlado PROYECTOS DE LECTURA
700 1# - ENCABEZAMIENTO SECUNDARIO--AUTOR PERSONAL
9 (RLIN) 25149
Nombre de persona Miracola, María Aurelia
9 (RLIN) 25150
Nombre de persona Oviedo, Valeria
9 (RLIN) 25151
Nombre de persona Galst, Gabriela
9 (RLIN) 25152
Nombre de persona Sacks, Margarita
773 0# - DOCUMENTO FUENTE
Host Biblionumber 20414
Host Itemnumber 35593
Place, publisher, and date of publication Buenos Aires : Noveduc, 1993-
Título Novedades Educativas
Record control number (AR-RoBPED)20414
International Standard Serial Number 03283534
942 ## - ELEMENTOS KOHA
Fuente de clasificación Universal Decimal Classification
Koha tipo de ítem Revistas
Clasificación 37(05)
Signatura librística Nov 86 N° 348-349 (Dic. 2019/Ene. 2020)
Número Koha k.26974
945 ## - PROCESAMIENTO DE LA INFORMACIÓN LOCAL
Catalogador y fecha GVB 26/07/2021 mar 02/08/2021

No hay ítems disponibles.